000
00232 a2200097 4500
001
42913
100
_a
Azam Kram
245
_a
Pakistan yesterday to day and tomorrow
260
_a
Lahore
_b
Student service
_c
090
_c
26798
_d
26798
942
_a
NUST-CAE
_c
M
_c
18666
999
_c
277986
_d
277986